| Tag |
First Indicator |
Second Indicator |
Subfields |
| LEADER |
00000cam a2200000 4500 |
| 001 |
in00000053740 |
| 005 |
20151008050856.0 |
| 008 |
720630s1953 nyu 00000 eng u |
| 010 |
|
|
|a 53005568
|
| 035 |
|
|
|a (OCoLC)00345906
|
| 035 |
|
|
|9 AAG3977AM
|
| 040 |
|
|
|c CSU
|d TXA
|d UtOrBLW
|
| 049 |
|
|
|a TXAM
|c [218403]
|
| 050 |
|
0 |
|a HC240
|b .F75 1953
|
| 092 |
|
|
|a 330.94
|b F911e
|
| 100 |
1 |
|
|a Friedländer, Heinrich,
|d 1885-
|
| 245 |
1 |
0 |
|a Economic history of modern Europe /
|c by Heinrich E. Friedlaender and Jacob Oser.
|
| 264 |
|
1 |
|a New York :
|b Prentice-Hall,
|c 1953.
|
| 300 |
|
|
|a xxiv, 611p :
|b maps. tables. diagrams ;
|c 24cm.
|
| 336 |
|
|
|a text
|b txt
|2 rdacontent
|
| 337 |
|
|
|a unmediated
|b n
|2 rdamedia
|
| 338 |
|
|
|a volume
|b nc
|2 rdacarrier
|
| 490 |
1 |
|
|a [Prentice-Hall economics series]
|
| 651 |
|
0 |
|a Europe
|x Economic conditions.
|
| 700 |
1 |
|
|a Oser, Jacob,
|d 1915-
|
| 830 |
|
0 |
|a Prentice-Hall economics series.
|
| 999 |
|
|
|a MARS
|
| 999 |
f |
f |
|s ea090e0e-aa50-3861-b454-25abc749985d
|i 0df91943-ffba-3a46-905d-8e68048a3eda
|t 0
|
| 952 |
f |
f |
|p ric
|a Texas A&M University
|b Rellis Campus
|c Joint Library Facility
|d Remote Storage
|t 0
|e HC240 .F75 1953
|h Library of Congress classification
|i unmediated -- volume
|m A14800700152
|
| 998 |
f |
f |
|a HC240 .F75 1953
|t 0
|l Remote Storage
|